000 00547nam a2200181Ia 4500
008 240925s9999 xx 000 0 und d
020 _a9789332518674
082 _a005.74 GAR
100 _aGarcia-Molina, Hector ; Ullman ,Jeffrey D.; Widom, Jennifer
245 0 _aDatabase Systems: The Complete Book
250 _a2nd
260 _aNew Delhi:
_bPearson Education
_c,2014.
300 _a456p.
_b0
_fOriginal
500 _aIncludes Index
600 _aComputer Science
650 _aComputer science, information & general works
942 _cBK
999 _c13876
_d13876